|
|
|
|
| LEADER |
00000nam0a2200000 4500 |
| 001 |
196119 |
| 005 |
20231101224654.0 |
| 010 |
|
|
|a 9785388003416
|
| 035 |
|
|
|a (RuTPU)RU\TPU\book\213957
|
| 090 |
|
|
|a 196119
|
| 100 |
|
|
|a 20110518d2009 km y0rusy50 ca
|
| 101 |
0 |
|
|a rus
|
| 102 |
|
|
|a RU
|
| 105 |
|
|
|a a z 001zy
|
| 200 |
1 |
|
|a Цвет, управление цветом, цветовые расчеты и измерения
|f М. В. Домасев, С. П. Гнатюк
|
| 210 |
|
|
|a СПб.
|c Питер
|d 2009
|
| 215 |
|
|
|a 218 с.
|c ил.
|
| 320 |
|
|
|a Библиогр.: с. 214-217.
|
| 330 |
|
|
|a Эта книга посвящена технологии цифрового репродуцирования цветного изображения и использованию систем управления цветом (Color Management System). Без знания этих технологий невозможно стать хорошим специалистом в области цветокоррекции и цветной печати, что важно не только работникам типографий и репроцентров, но и многим рядовым фотографам, дизайнерам, компьютерным художникам, которые хотят добиться качественных результатов при обработке и воспроизведении цветных изображений. Издание вводит в теорию цвета и цветовых систем, освещает методы инструментального измерения цвета. Большое внимание уделено системам управления цветом и профилированию цветовых устройств. Книга будет полезна всем специалистам, занимающимся обработкой цифровых изображений, фотографам, сотрудникам препресс-бюро, дизайн-студий и типографий, сталкивающимся с необходимостью колориметрической настройки оборудования ввода/вывода изображений, калибровки и профилирования устройств ввода/вывода цифровых изображений с целью решения проблем цветовых искажений, возникающих в процессе воспроизведения изображения, и достижения колориметрически верного отображения изображения, а также студентам профильных вузов.
|
| 606 |
1 |
|
|a Цветоведение
|2 stltpush
|3 (RuTPU)RU\TPU\subj\17943
|9 43496
|
| 606 |
1 |
|
|a Цвета
|x Распознавание автоматическое
|x (вычислительная техника)
|2 stltpush
|3 (RuTPU)RU\TPU\subj\69861
|9 84536
|
| 610 |
1 |
|
|a цвет
|
| 610 |
1 |
|
|a цветовые системы
|
| 610 |
1 |
|
|a цветовые модели
|
| 610 |
1 |
|
|a цветовые расчеты
|
| 610 |
1 |
|
|a цветовые измерения
|
| 610 |
1 |
|
|a управление
|
| 610 |
1 |
|
|a цветовые преобразования
|
| 610 |
1 |
|
|a цветовые изображения
|
| 610 |
1 |
|
|a воспроизводство
|
| 610 |
1 |
|
|a устройство
|
| 610 |
1 |
|
|a профилирование
|
| 610 |
1 |
|
|a калибровка
|
| 610 |
1 |
|
|a цифровое репродуцирование
|
| 675 |
|
|
|a 535.6
|v 3
|
| 675 |
|
|
|a 681.327.12.001.362
|v 3
|
| 700 |
|
1 |
|a Домасев
|b М. В.
|g Максим Валерьевич
|
| 701 |
|
1 |
|a Гнатюк
|b С. П.
|g Сергей Павлович
|
| 801 |
|
1 |
|a RU
|b 63413507
|c 20110518
|
| 801 |
|
2 |
|a RU
|b 63413507
|c 20111005
|g RCR
|
| 900 |
|
|
|a Цветоведение и колористика
|
| 900 |
|
|
|a Цветоведение и композиция
|
| 942 |
|
|
|c BK
|
| 959 |
|
|
|a 52/20110518
|d 1
|e 221,00
|f ЧЗГЛ:1
|